<?xml version="1.0" encoding="UTF-8"?>
<collection xmlns="http://www.loc.gov/MARC21/slim">
 <record>
  <leader>01377nam a22002297a 4500</leader>
  <controlfield tag="001">NCT_4_014802</controlfield>
  <controlfield tag="008">241125b        xxu||||| |||| 00| 0 vie d</controlfield>
  <datafield tag="999" ind1=" " ind2=" ">
   <subfield code="c">8702</subfield>
   <subfield code="d">8702</subfield>
  </datafield>
  <datafield tag="022" ind1=" " ind2=" ">
   <subfield code="a">23541474</subfield>
  </datafield>
  <datafield tag="041" ind1="0" ind2=" ">
   <subfield code="a">vie</subfield>
  </datafield>
  <datafield tag="082" ind1="0" ind2="4">
   <subfield code="2">23rd ed.</subfield>
   <subfield code="a">320</subfield>
   <subfield code="b">Th455T</subfield>
  </datafield>
  <datafield tag="245" ind1="0" ind2="0">
   <subfield code="a">Thông tin Khoa học Chính trị </subfield>
   <subfield code="b">Số 02 (38) - 2024</subfield>
   <subfield code="c">Cơ quan nghiên cứu và ngôn luận của Học viện Chính trị Khu vực IV</subfield>
  </datafield>
  <datafield tag="260" ind1=" " ind2=" ">
   <subfield code="a">Cần Thơ</subfield>
   <subfield code="b">Học viện Chính trị khu vực IV</subfield>
   <subfield code="c">2024</subfield>
  </datafield>
  <datafield tag="300" ind1=" " ind2=" ">
   <subfield code="c">27 cm</subfield>
  </datafield>
  <datafield tag="310" ind1=" " ind2=" ">
   <subfield code="a">2 tháng / số</subfield>
  </datafield>
  <datafield tag="362" ind1=" " ind2=" ">
   <subfield code="a">2024</subfield>
  </datafield>
  <datafield tag="520" ind1="3" ind2=" ">
   <subfield code="a">Tạp chí gồm 6 chuyên mục chính: Đưa nghị quyết của Đảng vào cuộc sống; Chủ nghĩa Mác - Lênin, tư tưởng Hồ Chí Minh; Nghiên cứu - Giáo dục lý luận; Phát triển bền vững đồng bằng sông Cửu Long; Đấu tranh tư tưởng - lý luận; Lý luận và thực tiễn chính trị thế giới.</subfield>
  </datafield>
  <datafield tag="655" ind1=" " ind2=" ">
   <subfield code="a">Tạp chí</subfield>
  </datafield>
  <datafield tag="942" ind1=" " ind2=" ">
   <subfield code="2">ddc</subfield>
   <subfield code="c">CR</subfield>
  </datafield>
  <datafield tag="952" ind1=" " ind2=" ">
   <subfield code="0">0</subfield>
   <subfield code="1">0</subfield>
   <subfield code="2">ddc</subfield>
   <subfield code="4">0</subfield>
   <subfield code="6">320_000000000000000_TH455T</subfield>
   <subfield code="7">0</subfield>
   <subfield code="9">29892</subfield>
   <subfield code="a">000001</subfield>
   <subfield code="b">000001</subfield>
   <subfield code="d">2024-11-25</subfield>
   <subfield code="o">320 Th455T</subfield>
   <subfield code="r">2024-11-25</subfield>
   <subfield code="w">2024-11-25</subfield>
   <subfield code="y">CR</subfield>
  </datafield>
  <datafield tag="952" ind1=" " ind2=" ">
   <subfield code="0">0</subfield>
   <subfield code="1">0</subfield>
   <subfield code="2">ddc</subfield>
   <subfield code="4">0</subfield>
   <subfield code="6">320_000000000000000_TH455T</subfield>
   <subfield code="7">0</subfield>
   <subfield code="9">29893</subfield>
   <subfield code="a">000001</subfield>
   <subfield code="b">000001</subfield>
   <subfield code="d">2024-11-25</subfield>
   <subfield code="o">320 Th455T</subfield>
   <subfield code="r">2024-11-25</subfield>
   <subfield code="w">2024-11-25</subfield>
   <subfield code="y">CR</subfield>
  </datafield>
  <datafield tag="980" ind1=" " ind2=" ">
   <subfield code="a">Thư viện Trường Đại học Nam Cần Thơ</subfield>
  </datafield>
 </record>
</collection>
